| 000 | 00418cam a2200157ua 4500 | ||
|---|---|---|---|
| 041 |
_aeng _h |
||
| 082 |
_a666.94 _bIND/SP |
||
| 100 | _aIndian Standard Institution, . | ||
| 245 | 0 | 0 | _aSpecification for apparatus used in` Le-chatelier test`,IS:5514-1969 |
| 250 |
_a1 / _b. |
||
| 260 |
_aNew Delhi : _bIndian Standards Institution , _c1983. |
||
| 300 | _a6 ; . | ||
| 504 | _a | ||
| 942 | _cBK | ||
| 999 |
_c4500 _d4500 |
||